[Event "8eme Open International de La Fere"]
[Site "La Fere (FRA)"]
[Date "2009.07.06"]
[Round "4.29"]
[White "Derigny, Philippe"]
[Black "Brelot, Loic"]
[Result "1-0"]
[WhiteElo "1993"]
[BlackElo "1756"]
[PlyCount "87"]
[EventDate "2009.??.??"]

1. e4 c6 2. d4 d5 3. exd5 cxd5 4. c4 Nf6 5. c5 Nc6 6. Bb5 Qc7 7. Nf3 e6 8. O-O
Be7 9. Nc3 O-O 10. Re1 Bd7 11. Bxc6 Bxc6 12. b4 a6 13. Ne5 Nd7 14. Bf4 Qc8 15.
a4 Nxe5 16. Bxe5 Qd8 17. Qe2 Re8 18. b5 axb5 19. axb5 Bd7 20. b6 Bc6 21. Rxa8
Qxa8 22. Qb2 Qd8 23. Ra1 Qd7 24. Re1 Ra8 25. f4 Ra6 26. Ra1 Rxa1+ 27. Qxa1 h6
28. Qd1 Qc8 29. Qg4 g6 30. h4 Kh7 31. h5 g5 32. fxg5 Bxg5 33. Qf3 Qe8 34. Bf6
Bxf6 35. Qxf6 Qg8 36. Ne2 Qg7 37. Qf4 f6 38. Qc7 e5 39. Kf2 e4 40. Nf4 Kh8 41.
Ng6+ Kh7 42. Qxg7+ Kxg7 43. Ne7 Bd7 44. c6 1-0

[Event "8eme Open International de La Fere"]
[Site "La Fere (FRA)"]
[Date "2009.07.06"]
[Round "4.30"]
[White "Durot, Edwige"]
[Black "Pytel, Bozena"]
[Result "1/2-1/2"]
[WhiteElo "1741"]
[BlackElo "1957"]
[PlyCount "81"]
[EventDate "2009.??.??"]

1. e4 e5 2. Nf3 Nc6 3. Bc4 Bc5 4. c3 Nf6 5. d3 h6 6. O-O O-O 7. Be3 Bb6 8. Nbd2
d6 9. h3 Be6 10. Bb3 Re8 11. Re1 Bxb3 12. Qxb3 Nh5 13. Nc4 Nf4 14. Nxb6 axb6
15. Bxf4 exf4 16. a3 Qf6 17. Re2 g5 18. Rae1 Ra5 19. d4 h5 20. Nh2 Qg6 21. f3
Kg7 22. Kf2 f5 23. exf5 Rxe2+ 24. Rxe2 Rxf5 25. Qe6 Qxe6 26. Rxe6 Rf6 27. Rxf6
Kxf6 28. Ke2 Na5 29. Kd3 d5 30. Nf1 Nc4 31. Kc2 Kf5 32. a4 h4 33. b3 Nd6 34.
Kd3 Ke6 35. Nd2 Nf5 36. Nf1 Kd6 37. b4 c5 38. b5 cxd4 39. cxd4 Ke6 40. Kc3 Kd6
41. Kd3 1/2-1/2

[Event "8eme Open International de La Fere"]
[Site "La Fere (FRA)"]
[Date "2009.07.06"]
[Round "4.31"]
[White "Khalfaoui, Mathias"]
[Black "Soveaux, Jean"]
[Result "1-0"]
[WhiteElo "1680"]
[BlackElo "1947"]
[PlyCount "75"]
[EventDate "2009.??.??"]

1. e4 e5 2. Nf3 Nc6 3. Bb5 d6 4. d4 exd4 5. Nxd4 Bd7 6. Nxc6 bxc6 7. Bc4 Be7 8.
Nc3 Nf6 9. O-O O-O 10. Bf4 Be6 11. Bb3 Rb8 12. Re1 Nd7 13. e5 Nc5 14. Ne4 Nxb3
15. axb3 d5 16. Ng3 Bc5 17. Qd3 Qd7 18. h3 Bb6 19. Rac1 Rbd8 20. Nh5 Kh8 21.
Qg3 Rg8 22. Bg5 h6 23. Bxd8 Qxd8 24. Nf4 Bc8 25. e6 fxe6 26. Nxe6 Qd7 27. Nf4
Qf5 28. Ng6+ Kh7 29. Ne7 Qg5 30. Qxg5 Bxf2+ 31. Kxf2 Rf8+ 32. Kg1 hxg5 33. Nxc8
Rxc8 34. Ra1 Rd8 35. Rxa7 Rd7 36. Re6 c5 37. Rc6 d4 38. Raxc7 1-0

[Event "8eme Open International de La Fere"]
[Site "La Fere (FRA)"]
[Date "2009.07.06"]
[Round "4.32"]
[White "Mestdagh, Franck"]
[Black "Lucas, Bernard"]
[Result "1-0"]
[WhiteElo "1937"]
[BlackElo "1709"]
[PlyCount "79"]
[EventDate "2009.??.??"]

1. Nf3 d5 2. d4 Bf5 3. g3 e6 4. Bg2 Bd6 5. O-O Nf6 6. c4 c6 7. Nc3 Nbd7 8. Ng5
O-O 9. e4 dxe4 10. Ncxe4 Bc7 11. Qb3 Rb8 12. Rd1 Nxe4 13. Nxe4 h6 14. Be3 Qe7
15. Nc3 Nb6 16. a4 Rbd8 17. a5 Nc8 18. d5 c5 19. Nb5 b6 20. Nxc7 Qxc7 21. Bf4
e5 22. Be3 Nd6 23. axb6 axb6 24. Qa2 Qd7 25. b3 Bh3 26. Qb2 f6 27. Ra6 Bxg2 28.
Kxg2 Nf5 29. Qc3 Nd4 30. Qd3 Qg4 31. Bxd4 Qxd4 32. Qf3 e4 33. Qg4 Qe5 34. Ra7
f5 35. Qg6 Qf6 36. Qxf6 gxf6 37. Rda1 Rd6 38. Re7 b5 39. Raa7 bxc4 40. bxc4 1-0

[Event "8eme Open International de La Fere"]
[Site "La Fere (FRA)"]
[Date "2009.07.06"]
[Round "4.33"]
[White "Boudier, Eric"]
[Black "Siauve, Julien"]
[Result "0-1"]
[WhiteElo "1883"]
[BlackElo "1678"]
[PlyCount "92"]
[EventDate "2009.??.??"]

1. Nc3 Nf6 2. e4 d5 3. e5 d4 4. Nce2 Ng4 5. f4 e6 6. Ng3 Nh6 7. Nf3 c5 8. Bc4
Be7 9. O-O O-O 10. d3 Bd7 11. Ng5 b5 12. Bb3 a5 13. a3 Na6 14. Qh5 Bxg5 15.
fxg5 Nf5 16. Nxf5 exf5 17. Rf4 Qb6 18. Bd5 Rae8 19. e6 Bxe6 20. Rh4 h6 21. Bxe6
Qxe6 22. Bf4 Qe2 23. gxh6 Qxh5 24. Rxh5 g6 25. h7+ Kh8 26. Rh3 f6 27. Kf2 Rf7
28. Rh6 Rg7 29. h4 Re6 30. Re1 Rxe1 31. Kxe1 c4 32. Ke2 Nc5 33. Bd6 cxd3+ 34.
cxd3 Ne6 35. g3 Nd8 36. h5 Nf7 37. Bf8 Nxh6 38. Bxg7+ Kxg7 39. hxg6 Ng4 40. Kf3
Ne5+ 41. Kf4 Nxd3+ 42. Kxf5 Nxb2 43. Ke4 Nc4 44. Kxd4 Nxa3 45. Kc3 b4+ 46. Kb3
Nb5 0-1

[Event "8eme Open International de La Fere"]
[Site "La Fere (FRA)"]
[Date "2009.07.06"]
[Round "4.34"]
[White "Ruhant, Anthony"]
[Black "Vandervorst, Marc"]
[Result "0-1"]
[WhiteElo "1648"]
[BlackElo "1876"]
[PlyCount "140"]
[EventDate "2009.??.??"]

1. e4 e5 2. Nc3 Bc5 3. Bc4 Nf6 4. d3 h6 5. f4 d6 6. Nf3 Bg4 7. h3 Bxf3 8. Qxf3
Nc6 9. Be3 Bxe3 10. Qxe3 exf4 11. Qxf4 Nd4 12. Qf2 Nc6 13. a3 O-O 14. g4 Nh7
15. O-O-O Qf6 16. Qg2 Ne5 17. Rdf1 Qg5+ 18. Kb1 Nxc4 19. dxc4 Qc5 20. Qe2 Rae8
21. h4 Re6 22. Rfg1 g6 23. Qd2 Kg7 24. Qd3 Qe5 25. Rf1 c6 26. Rf2 Nf6 27. Re2
Nxg4 28. Qf3 h5 29. Rhe1 Qf6 30. Qg3 Qe5 31. Qg1 Rf6 32. Qxa7 Qe7 33. Qd4 Ne5
34. Rh1 Rf4 35. Reh2 Qf6 36. Rh3 Rf1+ 37. Ka2 Rf2 38. Kb3 b5 39. cxb5 Qe6+ 40.
Nd5 cxd5 41. exd5 Qf6 42. a4 Ra8 43. Ra1 Rf4 44. Qc3 Nd7 45. Qxf6+ Kxf6 46. a5
Nc5+ 47. Kc3 Na4+ 48. Kd2 Nxb2 49. a6 Nc4+ 50. Ke2 Ke5 51. Rd1 Nb6 52. Re3+ Re4
53. Rf1 Rxe3+ 54. Kxe3 Nxd5+ 55. Kd3 Ke6 56. c4 Nb6 57. Kd4 Rc8 58. Rc1 f5 59.
c5 dxc5+ 60. Rxc5 Kd6 61. Rxc8 Nxc8 62. Ke3 Kc5 63. Kf4 Kxb5 64. Kg5 Kb6 65.
Kxg6 f4 66. Kxh5 f3 67. Kg6 f2 68. a7 Nxa7 69. h5 f1=Q 70. h6 Qf8 0-1

[Event "8eme Open International de La Fere"]
[Site "La Fere (FRA)"]
[Date "2009.07.06"]
[Round "4.35"]
[White "Lever, Erwan"]
[Black "Neumair, Cedric"]
[Result "0-1"]
[WhiteElo "1601"]
[BlackElo "1845"]
[PlyCount "60"]
[EventDate "2009.??.??"]

1. d4 Nf6 2. Nf3 e6 3. Bf4 b6 4. e3 Bb7 5. c4 Be7 6. Nc3 O-O 7. Nb5 d6 8. Bd3
Nbd7 9. O-O Ne4 10. Bxe4 Bxe4 11. Nd2 Bb7 12. f3 a6 13. Nc3 Bg5 14. Bxg5 Qxg5
15. e4 Qe3+ 16. Rf2 Qxd4 17. Qe2 Nc5 18. Rd1 Nd3 19. Rdf1 Nxf2 20. Rxf2 Rae8
21. Kh1 f5 22. Nb3 Qf6 23. f4 fxe4 24. Nxe4 Qf5 25. Nc3 e5 26. Nd2 exf4 27. Qf1
g5 28. Nf3 g4 29. Nd4 Qf6 30. Qd3 Re1+ 0-1

[Event "8eme Open International de La Fere"]
[Site "La Fere (FRA)"]
[Date "2009.07.06"]
[Round "4.36"]
[White "Pavillon, Guillaume"]
[Black "Pruvost, Alain"]
[Result "1-0"]
[WhiteElo "1843"]
[BlackElo "1602"]
[PlyCount "77"]
[EventDate "2009.??.??"]

1. c4 e6 2. Nf3 Ne7 3. d4 h6 4. d5 exd5 5. cxd5 Ng6 6. Nc3 Be7 7. e4 Bf6 8. Bd3
O-O 9. O-O d6 10. Qb3 Nd7 11. Qc2 Nc5 12. Be2 Re8 13. Be3 Bxc3 14. Bxc5 Bf6 15.
Be3 Bg4 16. Bb5 Re7 17. Nd4 Bxd4 18. Bxd4 Bd7 19. Bxd7 Qxd7 20. Rac1 Qb5 21. f3
Nf4 22. Qc4 Qxc4 23. Rxc4 b5 24. Rc2 Nd3 25. a3 Ne5 26. Bxe5 dxe5 27. Rfc1 Rc8
28. d6 Rd7 29. Rxc7 Rcd8 30. Rxd7 Rxd7 31. Rd1 f6 32. Kf2 Kf7 33. Ke3 Ke6 34.
Rd5 a6 35. Kd3 Rxd6 36. Rxd6+ Kxd6 37. h4 g6 38. b3 Kc5 39. g3 1-0

[Event "8eme Open International de La Fere"]
[Site "La Fere (FRA)"]
[Date "2009.07.06"]
[Round "4.37"]
[White "Casier, Fabrice"]
[Black "Legrand, Jean-Pierre"]
[Result "1-0"]
[WhiteElo "1820"]
[BlackElo "1530"]
[PlyCount "89"]
[EventDate "2009.??.??"]

1. c4 f5 2. d4 Nf6 3. Nf3 e6 4. Bg5 Be7 5. Nc3 c6 6. e3 O-O 7. Bd3 d6 8. O-O
Nbd7 9. Qc2 Ne8 10. Bxe7 Qxe7 11. d5 Nc5 12. dxe6 Nxd3 13. Qxd3 Bxe6 14. Nd4
Nc7 15. Nxe6 Nxe6 16. Rfd1 Rad8 17. Qc2 Nc5 18. b4 Ne4 19. Rd3 Qf6 20. Rad1
Nxc3 21. Qxc3 Qxc3 22. Rxc3 Rf6 23. a4 Kf7 24. Kf1 Re6 25. Rd4 h6 26. h4 g6 27.
g4 Re4 28. gxf5 Rxd4 29. fxg6+ Kxg6 30. exd4 Kh5 31. Re3 Rd7 32. Re6 Kxh4 33.
Rxh6+ Kg5 34. Rh8 Kf4 35. Ke2 Kg5 36. Rf8 Kg6 37. f4 b6 38. Kf3 Kg7 39. Rc8 c5
40. dxc5 dxc5 41. bxc5 bxc5 42. Rxc5 Kf6 43. Ra5 Ke6 44. Ke4 Rc7 45. c5 1-0

[Event "8eme Open International de La Fere"]
[Site "La Fere (FRA)"]
[Date "2009.07.06"]
[Round "4.38"]
[White "Eggink, Gerhard"]
[Black "Fauchart, Francois"]
[Result "1-0"]
[WhiteElo "1979"]
[BlackElo "1653"]
[PlyCount "97"]
[EventDate "2009.??.??"]

1. e4 c5 2. Nf3 Nc6 3. d4 cxd4 4. Nxd4 Nxd4 5. Qxd4 a6 6. Bc4 e6 7. O-O Qc7 8.
Nc3 b5 9. Bb3 Bb7 10. Kh1 Qc5 11. Qd3 Be7 12. Be3 Qc6 13. Rad1 Nf6 14. f3 d6
15. Ne2 e5 16. Nc3 O-O 17. Bd5 Nxd5 18. Nxd5 Bd8 19. Nb4 Qd7 20. Bc5 Be7 21.
Bxd6 Rfd8 22. Bxe7 Qxe7 23. Qb3 Rxd1 24. Rxd1 Rd8 25. Nd5 Kh8 26. c4 Qc5 27. h3
h6 28. cxb5 axb5 29. Qc3 Qxc3 30. Nxc3 Rxd1+ 31. Nxd1 b4 32. Kg1 g6 33. Ne3 Kg7
34. b3 h5 35. Nc2 f5 36. exf5 gxf5 37. Nxb4 Kf6 38. Kf2 e4 39. fxe4 Bxe4 40. g3
Ke5 41. Ke3 Kd6 42. Kd4 Bb1 43. h4 Kc7 44. Kc5 Kb7 45. a4 Be4 46. a5 Ka7 47.
Nd5 Ka6 48. b4 Bd3 49. Nf4 1-0

[Event "8eme Open International de La Fere"]
[Site "La Fere (FRA)"]
[Date "2009.07.06"]
[Round "4.39"]
[White "Cozette, Michael"]
[Black "Bouguettouche, Didier"]
[Result "1-0"]
[WhiteElo "2020"]
[BlackElo "1460"]
[PlyCount "45"]
[EventDate "2009.??.??"]

1. e4 e5 2. Nf3 d6 3. d4 exd4 4. Nxd4 Nf6 5. Nc3 Bd7 6. Bc4 Qe7 7. O-O Qd8 8.
Bf4 Be7 9. Qe2 Nc6 10. Nxc6 Bxc6 11. Rad1 O-O 12. e5 Ne8 13. Rfe1 Bg5 14. Qg4
Bxf4 15. Qxf4 Bd7 16. Ne4 h6 17. exd6 cxd6 18. Nxd6 Nxd6 19. Rxd6 Qc7 20. Re7
Rae8 21. Bxf7+ Kh8 22. Rxh6+ gxh6 23. Qxh6# 1-0

[Event "8eme Open International de La Fere"]
[Site "La Fere (FRA)"]
[Date "2009.07.06"]
[Round "4.40"]
[White "Feryn, Benjamin"]
[Black "Rouffignac, Marie"]
[Result "1/2-1/2"]
[WhiteElo "1954"]
[BlackElo "1410"]
[PlyCount "73"]
[EventDate "2009.??.??"]

1. e4 e5 2. Nc3 Nc6 3. Bc4 Nf6 4. d3 Bc5 5. f4 d6 6. Nf3 Bg4 7. Na4 Bb6 8. Nxb6
axb6 9. c3 Qd7 10. O-O O-O 11. a3 Rfe8 12. f5 d5 13. exd5 Nxd5 14. Bxd5 Qxd5
15. f6 Rad8 16. fxg7 Qxd3 17. Qe1 Rd6 18. Ng5 Nd8 19. Qh4 Bf5 20. Nf3 Rg6 21.
Bg5 e4 22. Nd4 f6 23. Bxf6 Bh3 24. Bg5 Bxg2 25. Rf8+ Rxf8 26. gxf8=Q+ Kxf8 27.
Kxg2 h6 28. Rf1+ Kg8 29. Qf2 Rxg5+ 30. Kh1 Kh7 31. Qf6 c5 32. Nb3 Qc2 33. Rf2
Qd1+ 34. Rf1 Qd2 35. Rf2 Qd1+ 36. Rf1 Qc2 37. Rf2 1/2-1/2

[Event "8eme Open International de La Fere"]
[Site "La Fere (FRA)"]
[Date "2009.07.06"]
[Round "4.41"]
[White "Van Poucke, Anthony"]
[Black "Duquenne, Eddy"]
[Result "1-0"]
[WhiteElo "1400"]
[BlackElo "1499"]
[PlyCount "59"]
[EventDate "2009.??.??"]

1. e4 c5 2. Nc3 Nc6 3. Nf3 a6 4. Bc4 e6 5. d3 Qc7 6. Be3 b5 7. Bb3 Nf6 8. Qd2
Bd6 9. h3 Bb7 10. a3 Nh5 11. O-O-O Nf4 12. g4 Ng6 13. Kb1 Nce5 14. Nxe5 Bxe5
15. Rdf1 Nf4 16. d4 cxd4 17. Bxd4 Bc6 18. Rd1 O-O 19. h4 Rfd8 20. Bxe5 Qxe5 21.
f3 Rab8 22. h5 b4 23. axb4 Rxb4 24. Ne2 Rdb8 25. Qxf4 Qa5 26. g5 Ba4 27. Nd4 e5
28. Qf5 Qc7 29. Qxf7+ Kh8 30. h6 1-0

[Event "8eme Open International de La Fere"]
[Site "La Fere (FRA)"]
[Date "2009.07.06"]
[Round "4.42"]
[White "Landon, Boris"]
[Black "Wells, Pierre-Alexandre"]
[Result "0-1"]
[WhiteElo "1390"]
[BlackElo "1499"]
[PlyCount "49"]
[EventDate "2009.??.??"]

1. d4 Nf6 2. h3 e6 3. a3 d5 4. Nf3 c5 5. Nc3 Nc6 6. Bf4 Be7 7. e3 O-O 8. Ne5
cxd4 9. exd4 Qb6 10. b3 a6 11. Be3 Bd6 12. Nxc6 Qxc6 13. Qd2 Bd7 14. Be2 Rac8
15. Rc1 Qxc3 16. Qxc3 Rxc3 17. O-O Bxa3 18. Ra1 Bd6 19. Bd3 Rcc8 20. Rac1 Bc6
21. c4 dxc4 22. bxc4 Rcd8 23. Rfd1 h6 24. c5 Be7 25. f3 0-1

[Event "8eme Open International de La Fere"]
[Site "La Fere (FRA)"]
[Date "2009.07.06"]
[Round "4.43"]
[White "Pierret, Paul"]
[Black "Wolfangel, Jocelyne"]
[Result "1/2-1/2"]
[WhiteElo "1495"]
[BlackElo "1410"]
[PlyCount "73"]
[EventDate "2009.??.??"]

1. d4 d5 2. Bf4 e6 3. a3 Be7 4. Qd2 Nf6 5. Nc3 c6 6. Nf3 Nbd7 7. e3 O-O 8. Be2
c5 9. dxc5 Nxc5 10. b4 Nce4 11. Nxe4 Nxe4 12. Qd3 a6 13. c4 Bf6 14. Rc1 b6 15.
O-O Bb7 16. c5 bxc5 17. bxc5 Bc6 18. Be5 Bb5 19. Qc2 Bxe2 20. Qxe2 Qa5 21. c6
Rfc8 22. Bxf6 Nxf6 23. Ne5 Qxa3 24. Ra1 Qd6 25. f4 a5 26. Rfd1 a4 27. g4 h6 28.
h4 a3 29. g5 hxg5 30. hxg5 Ne4 31. Qc2 Ra4 32. Qb3 Ra5 33. Qb6 Qc5 34. Qxc5
Nxc5 35. Rab1 a2 36. Rb2 Raa8 37. c7 1/2-1/2

[Event "8eme Open International de La Fere"]
[Site "La Fere (FRA)"]
[Date "2009.07.06"]
[Round "4.44"]
[White "Honorable, Nicolas"]
[Black "Tawegoum, Ivan"]
[Result "0-1"]
[WhiteElo "1220"]
[BlackElo "1490"]
[PlyCount "39"]
[EventDate "2009.??.??"]

1. e4 e5 2. Nf3 Nc6 3. Nc3 Bc5 4. b3 d6 5. h3 a6 6. a4 Nf6 7. Bb2 O-O 8. Be2 h6
9. O-O Be6 10. d3 Qd7 11. Nh4 Bxh3 12. gxh3 Qxh3 13. Ng2 Nd4 14. Nd5 Nxe2+ 15.
Qxe2 Ng4 16. Ne7+ Kh8 17. Qxg4 Qxg4 18. Nf5 Kh7 19. d4 Qxe4 20. dxc5 0-1

[Event "8eme Open International de La Fere"]
[Site "La Fere (FRA)"]
[Date "2009.07.06"]
[Round "4.45"]
[White "Paillard, Maximilien"]
[Black "Neumair, Dorian"]
[Result "1-0"]
[WhiteElo "1462"]
[BlackElo "1196"]
[PlyCount "99"]
[EventDate "2009.??.??"]

1. d4 d5 2. e3 Nf6 3. Bd3 Nc6 4. Nd2 Bd7 5. c3 e6 6. f4 Bd6 7. Ngf3 O-O 8. O-O
Qe7 9. Ne5 a6 10. Rf3 Bxe5 11. fxe5 Ne8 12. Rh3 g6 13. e4 Ng7 14. Nf3 dxe4 15.
Bxe4 f5 16. Bg5 Qe8 17. Bd3 Nd8 18. Bh6 Nf7 19. Ng5 Nxg5 20. Bxg5 Bc6 21. Qd2
Qf7 22. Rf1 Qd7 23. Bc4 b5 24. Bb3 Bd5 25. Bxd5 Qxd5 26. Bf6 Qxa2 27. Bxg7 Kxg7
28. Qh6+ Kf7 29. Qxh7+ Ke8 30. Qxg6+ Kd7 31. Rh7+ Kc6 32. b4 Rg8 33. Rg7 Rxg7
34. Qxg7 Qd2 35. Qg3 Rd8 36. Qf3+ Rd5 37. h4 Qh6 38. g3 Kb6 39. Qf4 Qh5 40. Rf3
Rd8 41. Kf2 Rg8 42. Qe3 Kc6 43. Rf4 Kd7 44. Qf3 Qxf3+ 45. Kxf3 Kc6 46. g4 fxg4+
47. Rxg4 Rf8+ 48. Ke4 Kb6 49. Rg6 Re8 50. h5 1-0

[Event "8eme Open International de La Fere"]
[Site "La Fere (FRA)"]
[Date "2009.07.06"]
[Round "4.46"]
[White "Cherief, Hicham"]
[Black "Adelise, Theo"]
[Result "0-1"]
[WhiteElo "1199"]
[BlackElo "1735"]
[PlyCount "86"]
[EventDate "2009.??.??"]

1. e4 e6 2. Nf3 d5 3. e5 c5 4. c3 Nc6 5. Bb5 Qb6 6. Bxc6+ bxc6 7. O-O Be7 8. d4
cxd4 9. cxd4 c5 10. b3 cxd4 11. Nxd4 Bc5 12. Be3 Ba6 13. Re1 Ne7 14. Qg4 Bxd4
15. Bxd4 Qb4 16. Rd1 O-O 17. Nc3 Qb7 18. Be3 Rac8 19. Rac1 Rc7 20. Na4 Rxc1 21.
Rxc1 Nf5 22. Bg5 Rc8 23. Rxc8+ Qxc8 24. Qd1 Qc7 25. f4 h6 26. g4 Ne3 27. Qf3
Qc1+ 28. Kf2 Qd2+ 29. Kg3 Nf1+ 30. Kh4 Qxh2+ 31. Qh3 hxg5+ 32. fxg5 Qxh3+ 33.
Kxh3 Kh7 34. Nc5 Bb5 35. a4 Bc6 36. b4 a6 37. Nxa6 Bxa4 38. Nc7 Bc6 39. b5 Bb7
40. Ne8 d4 41. Nd6 Bd5 42. b6 d3 43. b7 Bxb7 0-1

[Event "8eme Open International de La Fere"]
[Site "La Fere (FRA)"]
[Date "2009.07.06"]
[Round "4.48"]
[White "Eeckhout, Jean-Louis"]
[Black "Turlin, Simon"]
[Result "1-0"]
[WhiteElo "1723"]
[BlackElo "1610"]
[PlyCount "35"]
[EventDate "2009.??.??"]

1. d4 d5 2. c4 c6 3. Nc3 Nf6 4. Qc2 e6 5. Bg5 Nbd7 6. Nf3 Be7 7. e3 O-O 8. Rc1
Re8 9. Be2 dxc4 10. Bxc4 a6 11. Bd3 b5 12. Ne4 Nf8 13. Bxf6 Bxf6 14. Nxf6+ Qxf6
15. Qxc6 Bd7 16. Qe4 Rac8 17. O-O Bc6 18. Rxc6 1-0

[Event "8eme Open International de La Fere"]
[Site "La Fere (FRA)"]
[Date "2009.07.06"]
[Round "4.49"]
[White "Tivol, Thierry"]
[Black "Barbry, Quentin"]
[Result "1-0"]
[WhiteElo "1720"]
[BlackElo "1564"]
[PlyCount "81"]
[EventDate "2009.??.??"]

1. e4 e5 2. Nf3 Nc6 3. Bb5 Bc5 4. c3 d6 5. d4 exd4 6. Nxd4 Bd7 7. Nxc6 Bxc6 8.
Bxc6+ bxc6 9. O-O Nf6 10. Bg5 O-O 11. Qf3 Re8 12. Bxf6 Qxf6 13. Qxf6 gxf6 14.
Nd2 Rab8 15. b3 d5 16. Rfe1 Re7 17. exd5 Rxe1+ 18. Rxe1 cxd5 19. Kf1 Kf8 20. h3
Rd8 21. Re2 Rd6 22. Nf3 Re6 23. Nd4 Bxd4 24. cxd4 Ke7 25. Re3 Kd6 26. Ke2 c5
27. dxc5+ Kxc5 28. Kd3 Rxe3+ 29. Kxe3 a5 30. a3 d4+ 31. Kd3 Kd5 32. f4 f5 33.
g4 fxg4 34. hxg4 h6 35. b4 axb4 36. axb4 f6 37. f5 Ke5 38. b5 Kd5 39. b6 Kc6
40. Kxd4 Kxb6 41. Kd5 1-0

[Event "8eme Open International de La Fere"]
[Site "La Fere (FRA)"]
[Date "2009.07.06"]
[Round "4.50"]
[White "Belloc, Clemence"]
[Black "Vernede, Victor"]
[Result "1/2-1/2"]
[WhiteElo "1300"]
[BlackElo "1720"]
[PlyCount "41"]
[EventDate "2009.??.??"]

1. e4 e6 2. d4 d5 3. e5 c5 4. c3 Nc6 5. Nf3 Qb6 6. Na3 Bd7 7. Nc2 cxd4 8. cxd4
Nge7 9. Bd3 a6 10. Rb1 Na7 11. O-O Bb5 12. Re1 Nec6 13. b3 Be7 14. a4 Bxd3 15.
Qxd3 O-O 16. Bd2 Rac8 17. Rec1 Rfe8 18. b4 Nb8 19. Qe3 Qd8 20. b5 a5 21. Qe1
1/2-1/2

[Event "8eme Open International de La Fere"]
[Site "La Fere (FRA)"]
[Date "2009.07.06"]
[Round "4.51"]
[White "Roux, Jean-Francois"]
[Black "Laufer, Maurice"]
[Result "1-0"]
[WhiteElo "1659"]
[BlackElo "1547"]
[PlyCount "79"]
[EventDate "2009.??.??"]

1. d4 f5 2. c4 Nf6 3. Nf3 e6 4. Nc3 c6 5. Bf4 d5 6. cxd5 cxd5 7. Nb5 Qa5+ 8.
Nc3 Ne4 9. Nd2 Bb4 10. Ncxe4 fxe4 11. a3 Bxd2+ 12. Bxd2 Qc7 13. Rc1 Qd7 14. e3
O-O 15. Be2 a6 16. O-O Nc6 17. Bg4 Qf7 18. f3 e5 19. Bxc8 Raxc8 20. dxe5 Rce8
21. f4 g6 22. Qg4 Qg7 23. Bc3 d4 24. exd4 h5 25. Qe2 Ne7 26. Qxe4 Nf5 27. Qd5+
Kh7 28. Qb3 Ne3 29. Rf3 Nf5 30. d5 b5 31. Rd1 Qa7+ 32. Kh1 Ne3 33. Rd2 g5 34.
Bd4 Qc7 35. Bxe3 g4 36. Qd3+ Kh8 37. Rf1 Qc4 38. Qxc4 bxc4 39. d6 Rxe5 40. Bd4
1-0

[Event "8eme Open International de La Fere"]
[Site "La Fere (FRA)"]
[Date "2009.07.06"]
[Round "4.52"]
[White "Herman, Jose"]
[Black "Remy, Camille"]
[Result "1-0"]
[WhiteElo "1620"]
[BlackElo "1500"]
[PlyCount "63"]
[EventDate "2009.??.??"]

1. e4 e5 2. Nf3 Nc6 3. Bc4 Bc5 4. d3 Nf6 5. Bg5 Be7 6. a3 d6 7. h3 O-O 8. Nc3
Na5 9. Ba2 Nc6 10. Qd2 Nd4 11. Nxd4 exd4 12. Bxf6 dxc3 13. Bxc3 Re8 14. Qf4 d5
15. O-O c6 16. exd5 cxd5 17. Rae1 Be6 18. Qg3 d4 19. Bxe6 fxe6 20. Bd2 Bh4 21.
Qg4 e5 22. Re4 Qf6 23. Qxh4 Qf7 24. Rfe1 Rac8 25. Rxe5 Rxe5 26. Rxe5 Rxc2 27.
Qd8+ Qf8 28. Re8 h6 29. Rxf8+ Kh7 30. Rh8+ Kg6 31. Qe8+ Kf5 32. Rf8# 1-0

[Event "8eme Open International de La Fere"]
[Site "La Fere (FRA)"]
[Date "2009.07.06"]
[Round "4.53"]
[White "Dernoncourt, Christophe"]
[Black "Calonne, Pascal"]
[Result "1-0"]
[WhiteElo "1720"]
[BlackElo "1545"]
[PlyCount "107"]
[EventDate "2009.??.??"]

1. d4 Nf6 2. c4 g6 3. Nc3 d5 4. Nf3 c5 5. Bg5 Bg7 6. Bxf6 Bxf6 7. Nxd5 Bg7 8.
e3 O-O 9. Be2 e6 10. Nc3 cxd4 11. exd4 Nc6 12. d5 Ne5 13. O-O b6 14. Qb3 Re8
15. Rad1 Qe7 16. Nxe5 Bxe5 17. Bf3 Bb7 18. Nb5 Qf6 19. Rde1 Rad8 20. Nxa7 exd5
21. cxd5 Bxb2 22. Nc6 Rxe1 23. Rxe1 Bxc6 24. dxc6 Bc3 25. Rc1 Ba5 26. c7 Rc8
27. h3 Qe7 28. Qc4 Bb4 29. Bb7 Bc5 30. Bxc8 Qxc7 31. Bg4 Qe7 32. a4 Ba3 33. Rd1
Bc5 34. Qc3 Qc7 35. Qf6 Be7 36. Qd4 h6 37. Qd7 Qc5 38. Re1 Kf8 39. Qc8+ Qxc8
40. Bxc8 Bb4 41. Rb1 Ba5 42. Kf1 g5 43. Ke2 Ke7 44. Kd3 Kf6 45. Kc4 Ke5 46.
Rb5+ Ke4 47. Rxa5 bxa5 48. Bg4 f5 49. Bf3+ Kf4 50. Kb5 g4 51. hxg4 fxg4 52.
Bxg4 Kxg4 53. Kxa5 Kf4 54. Kb4 1-0

[Event "8eme Open International de La Fere"]
[Site "La Fere (FRA)"]
[Date "2009.07.06"]
[Round "4.54"]
[White "Chevance, Gerard"]
[Black "Cassol, Robert"]
[Result "1-0"]
[WhiteElo "1709"]
[BlackElo "1430"]
[PlyCount "66"]
[EventDate "2009.??.??"]

1. d4 Nf6 2. c4 e6 3. Nf3 c6 4. Nc3 d5 5. e3 Bd6 6. Bd3 Nbd7 7. O-O Bb8 8. e4
dxe4 9. Nxe4 Qc7 10. Re1 Ng4 11. Ng3 h5 12. Bf5 Nf8 13. Bxg4 hxg4 14. Ne5 Qa5
15. Nxg4 Ng6 16. Bd2 Qd8 17. Bc3 O-O 18. Qc2 Bxg3 19. hxg3 e5 20. dxe5 Bxg4 21.
Qe4 Be6 22. Rad1 Qc7 23. b3 a5 24. f4 Ne7 25. Qf3 b5 26. cxb5 cxb5 27. g4 Nd5
28. Ba1 a4 29. f5 Qc8 30. fxe6 fxe6 31. Qd3 Nf4 32. Qxb5 Qc2 33. Qb7 Nd3 1-0

[Event "8eme Open International de La Fere"]
[Site "La Fere (FRA)"]
[Date "2009.07.06"]
[Round "4.55"]
[White "Woyave, Pascal"]
[Black "Devoitine, Thomas"]
[Result "1-0"]
[WhiteElo "1630"]
[BlackElo "1200"]
[PlyCount "79"]
[EventDate "2009.??.??"]

1. c4 c5 2. Nf3 Nc6 3. g3 Nf6 4. Bg2 g6 5. O-O Bg7 6. Nc3 O-O 7. Rb1 d6 8. a3
Ng4 9. b4 cxb4 10. axb4 Bf5 11. e4 Be6 12. Nd5 Rc8 13. d4 b6 14. h3 Nf6 15.
Nxf6+ Bxf6 16. d5 Bd7 17. dxc6 Rxc6 18. Nd2 e5 19. b5 Rc8 20. Ra1 Ra8 21. Ba3
Qc7 22. Qe2 Be6 23. Rac1 Rfd8 24. f4 a6 25. Bb2 Qc5+ 26. Kh2 axb5 27. cxb5 Qb4
28. Bc3 Qa3 29. f5 Bd7 30. fxg6 hxg6 31. Qf2 Rdc8 32. Nb1 Qb3 33. Qxf6 Bxb5 34.
Rf3 Bd3 35. Rxd3 Ra2 36. Nd2 Qc4 37. Bxe5 dxe5 38. Rxc4 Rxc4 39. Rd8+ Kh7 40.
Rh8# 1-0

[Event "8eme Open International de La Fere"]
[Site "La Fere (FRA)"]
[Date "2009.07.06"]
[Round "4.56"]
[White "Deblock, Gilbert"]
[Black "Jacob, Guillaume"]
[Result "0-1"]
[WhiteElo "1499"]
[BlackElo "1150"]
[PlyCount "66"]
[EventDate "2009.??.??"]

1. d4 d5 2. Nf3 Bf5 3. e3 Nf6 4. c4 e6 5. Nc3 Nbd7 6. Bd2 Bd6 7. Be2 c5 8. cxd5
exd5 9. Nb5 Qb6 10. dxc5 Nxc5 11. O-O O-O 12. b3 Nce4 13. a4 a5 14. Nfd4 Bd7
15. Rc1 Rac8 16. Rb1 Bb4 17. Bc1 Nc3 18. Qc2 Nxb1 19. Qxb1 Ne4 20. Bb2 Nd2 21.
Qa1 Nxf1 22. Bxf1 Bxb5 23. Ne2 Bxe2 24. Bxe2 Qc6 25. g3 Bc3 26. Bb5 Bxb2 27.
Qxb2 Qc1+ 28. Qxc1 Rxc1+ 29. Kg2 f5 30. Bd3 g6 31. f4 Rc3 32. Bb1 Rxb3 33. Ba2
Rb2+ 0-1